| 000 | 00685nam a22002057a 4500 | ||
|---|---|---|---|
| 999 |
_c168001 _d168001 |
||
| 005 | 20190924171256.0 | ||
| 010 | _aB-730166 | ||
| 020 |
_c199.00 _a9789383331680 |
||
| 035 | _aB-730166 | ||
| 037 | _bDuckbill Books | ||
| 082 | _aN | ||
| 100 | _aSharma, Natasha | ||
| 245 |
_a Shah Jahan and the Ruby Robber / _cby Natasha Sharma; illustrated by Lavanya Naidu |
||
| 260 |
_bDuckbill Books _aChennai _c2017 |
||
| 270 |
_bChennai _aF2, Oyster Operaa, 35/36 Gangai Street Kalakshetra Colony _e600090 |
||
| 300 |
_a70p. _c20cm(pbk) _billus. |
||
| 700 | _aNaidu, Lavanya | ||
| 942 |
_2ddc _cCH _mSHA _hN |
||